People Named William W. - Statistics

General Stats
  • This quiz has been taken 14 times
  • The average score is 6 of 15
Answer Stats
Hint First Name Surname % Correct
Chocolate factory proprietor Willy Willy Wonka
93%
Scottish knight hanged by Edward I and depicted by Mel Gibson William William Wallace
86%
Singer of "Ain't No Sunshine", "Lovely Day", and "Lean on Me" Bill Bill Withers
71%
Rolling Stones bassist Bill Bill Wyman
64%
Austrian-born director of The Apartment, Sunset Boulevard, Stalag 17, The Seven Year Itch, and Some Like It Hot Billy Billy Wilder
43%
Collaborator of Samuel Taylor Coleridge on Lyrical Ballads William William Wordsworth
43%
UCLA graduate selected first overall in the 1974 NBA draft who played for the Trail Blazers, Clippers, and Celtics and won an MVP award and two championships Bill Bill Walton
36%
Creator of history of the entire world, i guess Bill bill wurtz
29%
American poet of "The Red Wheelbarrow" and "This Is Just To Say" William William Carlos Williams
29%
Commander of the U.S. military during the Vietnam War William William Westmoreland
29%
Black Sabbath drummer Bill Bill Ward
21%
Creator of Calvin and Hobbes Bill Bill Watterson
21%
British abolitionist William William Wilberforce
21%
Former governor of Massachusetts and Gary Johnson's running mate Bill Bill Weld
14%
Voice of Doug, Stimpy, Philip J. Fry, Red M&M, Buzz from Honey Nut Cheerios, Bugs Bunny, and Woody Woodpecker Billy Billy West
7%
No matching quizzes found
Score Distribution
Percent of People with Each Score
Percentile by Number Answered
Your Score History
You have not taken this quiz